000 00612cam a22002293a 4500
001 14885
003 PGUSA
005 20140828083322.0
008 050202s2005||||xxu|||||s|||||000 1 eng d
040 _aPGUSA
_beng
042 _adc
050 4 _aPR
100 1 _aCholmondeley, Mary,
_d1859-1925
245 1 0 _aRed Pottage
_h[electronic resource] /
_cMary Cholmondeley
260 _bProject Gutenberg,
_c2005
506 _aPublic domain in the USA.
516 _aElectronic text
653 _aFiction
830 0 _aProject Gutenberg
_v14885
856 4 0 _uhttp://www.gutenberg.org/ebooks/14885
942 _cEB
999 _c244140
_d244140